000 00604nmm a2200169Ia 4500
008 251105s9999||||xx |||||||||||||||||und||
020 _a9788437065649
041 _aspa
100 _aBono Martínez, Emèrit
245 0 _aResiduos urbanos y sustentabilidad ambiental :
_b Estado de la cuestión y debate en la Comunidad Valenciana
264 _a[Madrid, España] :
_bPublicaciones de la Universidad de Valencia (PUV),
_c2006
300 _a244 páginas
490 _aFora de Col·lecció
650 _aEnvironmental Sciences
856 _uhttps://public.digitaliapublishing.com/a/34916
942 _cCF
999 _c82367
_d82367